मानसरोवर - खंड. 2 (Record no. 50704)
[ view plain ]
| 000 -LEADER | |
|---|---|
| fixed length control field | 00528nam a22001817a 4500 |
| 008 - FIXED-LENGTH DATA ELEMENTS--GENERAL INFORMATION | |
| fixed length control field | 230615b |||||||| |||| 00| 0 eng d |
| 040 ## - CATALOGING SOURCE | |
| Original cataloging agency | National Science Library |
| Transcribing agency | National Science Library |
| 080 ## - UNIVERSAL DECIMAL CLASSIFICATION NUMBER | |
| Universal Decimal Classification number | 82-32PRE |
| Item number | P8.2 |
| 100 ## - MAIN ENTRY--PERSONAL NAME | |
| Personal name | Premchand, Munshi |
| 9 (RLIN) | 11733 |
| 245 ## - TITLE STATEMENT | |
| Title | मानसरोवर - खंड. 2 |
| 246 ## - VARYING FORM OF TITLE | |
| Title proper/short title | Mansarovar - Vol. 2 |
| 260 ## - PUBLICATION, DISTRIBUTION, ETC. | |
| Place of publication, distribution, etc. | New Delhi: |
| Name of publisher, distributor, etc. | Rajkamal Paperbacks, |
| Date of publication, distribution, etc. | 2008 |
| 300 ## - PHYSICAL DESCRIPTION | |
| Extent | 271p. |
| 650 ## - SUBJECT ADDED ENTRY--TOPICAL TERM | |
| Topical term or geographic name entry element | Literature |
| 653 ## - INDEX TERM--UNCONTROLLED | |
| Uncontrolled term | Fiction |
| 653 ## - INDEX TERM--UNCONTROLLED | |
| Uncontrolled term | Short Stories |
| 942 ## - ADDED ENTRY ELEMENTS (KOHA) | |
| Source of classification or shelving scheme | Universal Decimal Classification |
| Koha item type | Reference |
No items available.